Every Six Feet Under Episode - Statistics

General Stats
  • This quiz has been taken 27 times
  • The average score is 13 of 63
Answer Stats
Hint Answer % Correct
1x01 Pilot
95%
5x12 Everyone's Waiting
84%
5x09 Ecotone
79%
5x10 All Alone
63%
5x11 Static
58%
4x05 That's My Dog
58%
1x03 The Foot
53%
1x02 The Will
47%
4x12 Untitled
42%
1x07 Brotherhood
37%
3x13 I'm Sorry, I'm Lost
37%
5x01 A Coat of White Primer
32%
2x03 The Plan
32%
1x06 The Room
32%
4x01 Falling Into Place
26%
1x04 Familia
26%
2x11 The Liar and The Whore
26%
3x12 Twilight
26%
2x07 Back to the Garden
21%
3x11 Death Works Overtime
21%
1x13 Knock, Knock
21%
2x13 The Last Time
21%
3x07 Timing & Space
21%
1x12 A Private Life
16%
4x08 Coming and Going
16%
3x10 Everyone Leaves
16%
4x09 Grinding the Corn
16%
2x01 In The Game
16%
2x08 It's the Most Wonderful Time of the Year
16%
1x09 Life's Too Short
16%
2x02 Out, Out Brief Candle
16%
3x01 Perfect Circles
16%
4x06 Terror Starts at Home
16%
1x10 The New Person
16%
1x05 An Open Book
11%
4x11 Bomb Shelter
11%
1x08 Crossroads
11%
5x05 Eat a Peach
11%
5x08 Singing For Our Lives
11%
3x08 Tears, Bones and Desire
11%
2x05 The Invisible Woman
11%
5x06 The Rainbow of Her Reasons
11%
1x11 The Trip
11%
5x04 Time Flies
11%
5x02 Dancing for Me
5%
2x04 Driving Ms. Mossback
5%
5x03 Hold My Hand
5%
2x12 I'll Take You
5%
4x02 In Case of Rapture
5%
3x06 Making Love Work
5%
3x04 Nobody Sleeps
5%
3x03 The Eye Inside
5%
3x09 The Opening
5%
2x10 The Secret
5%
5x07 The Silence
5%
3x05 The Trap
5%
4x04 Can I Come Up Now?
0%
2x06 In Place of Anger
0%
4x03 Parallel Play
0%
2x09 Someone Else's Eyes
0%
4x10 The Black Forest
0%
4x07 The Dare
0%
3x02 You Never Know
0%
No matching quizzes found
Score Distribution
Percent of People with Each Score
Percentile by Number Answered
Your Score History
You have not taken this quiz